000
00300nam a22001337a 4500
003
SGT
020
_a
9789390709182
082
_a
615.1
_b
JOS
100
_a
JOSEPH AJAY S
245
_a
PHARMACEUTICAL MANAGEMENT AND MARKETING
260
_a
INDIA
_b
CBS PUB
_c
2021
300
_a
225
942
_2
ddc
_c
BK
999
_c
34452
_d
34452